Gentilés (Essonne), zone urbanisée+noms intéressants - Statistiques

Statistiques générales
  • Ce quiz a été pris 31 fois
    29 depuis la dernière actualisation
  • Le résultat moyen est 7 sur 136
Statistiques - réponses
Hint Réponse % Correct
Arpajon Arpajonnais
67%
Angerville Angervillois
43%
Ballancourt-sur-Essonne Ballancourtois
29%
Baulne (près de La Ferté-Alais) Baulnois
29%
Bièvres Biévrois
29%
Bondoufle (près de Courcouronnes) Bondouflois
29%
Dourdan Dourdannais
29%
Boigneville Boignevillois
24%
Palaiseau Palaisiens
24%
Breuillet Breuilletois
19%
Étampes Étampois
19%
Juvisy-sur-Orge Juvisiens
19%
Villebon-sur-Yvette Villebonnais
19%
Briis-sous-Forges (entre Limours et Breuillet) Briissois
14%
Chamarande Chamarandais
14%
Draveil (Juvisy) Draveillois
14%
Gif-sur-Yvette Giffois
14%
Massy Massicois
14%
Mennecy Menneçois
14%
Yerres Yerrois
14%
Athis-Mons Athégiens
10%
Ballainvilliers Ballainvillois
10%
Brétigny-sur-Orge Brétignolais
10%
Bruyères-le-Châtel Bruyérois
10%
Viry-Châtillon Castelvirois
10%
Champlan Champlanais
10%
Crosne Crosnois
10%
Étiolles (gare Évry Val de Seine) Étiollais
10%
Mondeville Mondevillois
10%
Montgeron Montgeronnais
10%
Ris-Orangis Rissois
10%
Bouray-sur-Juine Bouraysiens
5%
Chilly-Mazarin Chiroquois
5%
Courdimanche-sur-Essonne (entre Boutigny et Maisse) Courdimanchois
5%
Évry-Courcouronnes Évrycourcouronnais
5%
Gironville-sur-Essonne Gironvillois
5%
Igny Ignyssois/Ignissois
5%
Itteville (Ballancourt) Ittevillois
5%
Janville-sur-Juine (Lardy) Janvillois
5%
Janvry Janvryssois
5%
Lardy Larziacois
5%
Limours Limouriens
5%
Lisses Lissois
5%
Longjumeau Longjumellois
5%
Quincy-sous-Sénart Quincéens
5%
Savigny-sur-Orge Saviniens
5%
Épinay-sous-Sénart | Épinay-sur-Orge Spinoliens
5%
Les Ulis Ulissiens
5%
Villejust (Villebon-sur-Yvette) Villejustiens
5%
Wissous Wissoussiens
5%
Égly Aglatiens
0%
Angervilliers Arngervillérois
0%
Saint-Jean-de-Beauregard (Les Ulis) Bellinagardinois
0%
Boissy-le-Cutté (entre Étampes et La Ferté-Alais) Boissillons
0%
Boissy-le-Sec (entre Étampes et Dourdan) Boissyons
0%
Buno-Bonnevaux Bonnevaliens
0%
Boutigny-sur-Essonne Botignacois
0%
Boullay-les-Troux (entre Saint-Rémy-lès-Chevreuse et Limours) Boullaisiens
0%
Brunoy Brénadiens
0%
Brouy (Boigneville, frontière Loiret) Brogaçois
0%
Breux-Jouy (entre Breuillet et Saint-Chéron) Brojiciens
0%
Boissy-la-Rivière (près de Saint-Martin d'Étampes) Buccussiens
0%
Bures-sur-Yvette Buressois
0%
Boussy-Saint-Antoine Buxaciens/Buxassiens
0%
Boissy-sous-Saint-Yon (entre Breuillet et Lardy) Buxéens
0%
Chauffour-lès-Étréchy Calidusiens
0%
Mauchamps (Lardy, Étréchy) Campusiens
0%
Gometz-le-Châtel Castelgometziens
0%
Corbeil-Essonnes Corbeil-Essonnois
0%
Le Coudray-Montceaux Coudraysiens
0%
La Ferté-Alais Fertois
0%
Fleury-Mérogis (Grigny) Floriacumois
0%
Fontaine-la-Rivière (Étampes, Monnerville) Fontainiens
0%
Fontenay-sous-Briis Fontenaysiens
0%
Fontenay-le-Vicomte Fontenois
0%
La Forêt-le-Roi (entre Dourdan et Étampes) Forestains
0%
Forges-les-Bains (entre Briis-sous-Forges et Limours) Forgeois
0%
Sainte-Geneviève-des-Bois Génovéfains
0%
Saint-Germain-lès-Arpajon Germinois
0%
Gometz-la-Ville Gometziens
0%
Vert-le-Grand (entre Marolles-en-Hurepoix et Mennecy) Grandvertois
0%
Les Granges-le-Roi (Dourdan) Grangeois
0%
Grigny Grignards
0%
Guibeville (Marolles-en-Hurepoix) Guibevillois
0%
Guillerval Guillervallois
0%
Linas Linois
0%
Longpont-sur-Orge Longipontains
0%
Maisse Maissois
0%
Marcoussis Marcoussissiens
0%
Marolles-en-Beauce | Marolles-en-Hurepoix Marollais
0%
Milly-la-Forêt Milliacois
0%
Moigny-sur-École (Boutigny) Moignacois
0%
Les Molières (Limours, frontière Yvelines) Molièrois
0%
Courson-Monteloup (entre Breuillet et Briis-sous-Forges) Montelupins
0%
Morangis Morangissois
0%
Morsang-sur-Orge Morsaintois
0%
Morsang-sur-Seine (Le Plessis-Chenet, frontière Seine-et-Marne) Morsandiaux
0%
La Norville Norvillois
0%
Nozay (loin du chemin de fer, entre Orsay et Saint-Michel-sur-Orge) Nozéens
0%
Orsay Orcéens
0%
Ormoy-la-Rivière (Étampes) Ormoisiens
0%
Paray-Vieille-Poste Paraysiens
0%
Pecqueuse (Limours, frontière Yvelines) Pescusiens
0%
Puiselet-le-Marais (Étampes) Pirlotchets
0%
Le Plessis-Pâté (Brétigny) Plesséiens
0%
Pussay (Monnerville) Pusseins
0%
Richarville (sud de Dourdan, proche du Loiret et des Yvelines) Richarvillois
0%
Saclas (Étampes) Saclasiens
0%
Saclay Saclaysiens
0%
Saint-Aubin (Saclay) Saint-Aubinois
0%
Saint-Chéron Saint-Chéronnais
0%
Saint-Germain-lès-Corbeil Saint-Germinois
0%
Saint-Maurice-Montcouronne (Saint-Chéron) Saint-Mauriciens
0%
Saint-Michel-sur-Orge Saint-Michellois
0%
Saint-Sulpice-de-Favières Saint-Sulpiciens
0%
Saulx-les-Chartreux (Longjumeau, Villebon-sur-Yvette) Salucéens
0%
Sermaise Sarmates
0%
Étréchy Strépiniacois
0%
La Forêt-Sainte-Croix Sylvaniens
0%
Torfou (Lardy) Torfoliens
0%
Ormoy (Moulin-Galant, Mennecy, Le Plessis-Chenet) Ulméens
0%
La Ville-du-Bois (Ste-Geneviève-des-Bois) Urbisylvains
0%
Vaugrigneuse Valgrigniens
0%
Le Val-Saint-Germain (Sermaise) Val-Saint-Germinois
0%
Vauhallan (gare de Vauboyen) Vauhallanais
0%
Vayres-sur-Essonne (Boutigny) Vayrois
0%
Verrières-le-Buisson Verriérois
0%
Vert-le-Petit (entre Marolles-en-Hurepoix et Mennecy) Vertois
0%
Vigneux-sur-Seine Vigneusiens
0%
Villabé Villabéens
0%
Villiers-le-Bâcle Villebaclais/Villebâclais
0%
Villemoisson-sur-Orge (entre St-Michel-sur-Orge et Ste-Geneviève-des-Bois) Villemoissonnais
0%
Villeneuve-sur-Auvers (Étréchy) Villeneuvois
0%
Villiers-sur-Orge (Sainte-Geneviève-des-Bois) Villiérains
0%
Aucun quiz correspondant
Distribution des résultats
% des personnes avec chaque résultat
Percentile par nombre de réponses
Votre historique - résultats
Vous n’avez pas pris ce quiz depuis la dernière actualisation